000 00887nam a2200253Ia 4500
003 OSt
005 20221005111957.0
006 a|||||r|||| 00| 0
007 ta
008 221004b |||||||| |||| 00| 0 hin d
024 _a32158
037 _cTextual
040 _aCRL
_cCRL
_bhin
041 _2hin
_ahin
082 _aO152,10 delta73:g, J6
100 _aतिवारी, रामपूजन
245 0 _aसूफीमत साधना और साहित्य
246 _aSūfīmat sādhanā aur sāhitya
260 _aवाराणसी
_bज्ञानमण्डल लिमिटेड भारत
_c1976
300 _a575
_6पृ.
_ccm.
650 _aहिन्दी साहित्य
942 _hO152,10 delta73:g, J6
_cTEXL
_2cc
999 _c1023469
_d1023469